00700 2200229 4500001002100000005001700021008004100038035002500079040001200104082001500116084002000131100001700151245009400168260005000262300003500312500002900347504002900376650002300405700001200428850001200440990001800452INLIS00000000000908820150806102907.0  a0010-081500000000526 aYOPDYOG 223a338.01 aSK 338.01 Dwi A aDWI Novriaty aAnalisis faktor yang mempengaruhi produksi gerabah di kasongan tahun 2004c/ Dwi Novriaty aYogyakartabUniversitas Islam Indonesiac2005 aviii, 66 lembaran.c; 29,5 cm. aSkripsi Fakultas Ekonomi aBibliografi : hlm. 64-66 aProduksi (Ekonomi) aSuharto aYOPDYOG a47368-PD/A.15